| 000 | 04142nam a22004457a 4500 | ||
|---|---|---|---|
| 005 | 2010110800210.0 | ||
| 010 | _aB-410867-884 | ||
| 020 |
_c275.00 _a9789380026718 |
||
| 035 | _aB-410867-884 | ||
| 037 | _bUppal Book Store | ||
| 082 | _a003.74 | ||
| 100 |
_aKamaraju, V. _924177 |
||
| 245 |
_aLinear systems: _cby V. Kamaraju [and] R.L. Narasimham _banalysis and applications / |
||
| 250 | _a2nd ed. | ||
| 260 |
_aNew Delhi _bI.K. International _c2009 |
||
| 270 |
_aS-25, Green Park Extension, Uphaar Cinema Market, _bNew Delhi _e110016 |
||
| 300 |
_axvi, 496p. _c25cm(pbk) |
||
| 500 | _aIncludes references and index | ||
| 700 |
_aNarasimham, R.L. _924178 |
||
| 942 |
_cEN _2ddc _mKAM _h003.74 |
||
| 999 |
_c35608 _d35608 |
||